Pokémon - Conseil 4 - Lucio (D/P/Pt) - Statistiques

Statistiques générales
  • Ce quiz a été pris 38 fois
  • Le résultat moyen est 75 sur 93
Statistiques - réponses
Hint Réponse % Correct
Archéodong
100%
Archéodong
100%
Charmina
100%
Type Acier
95%
Type Acier
95%
Alakazam
95%
Alakazam
95%
Capacités Ball'Ombre
95%
Capacités Ball'Ombre
95%
Type Combat
95%
Type Combat
95%
Gallame
95%
Type Psy
95%
Type Psy
95%
Type Psy
95%
Type Psy
95%
Type Psy
95%
Type Psy
95%
Type Psy
95%
Type Psy
95%
Type Psy
95%
Type Psy
95%
Type Psy
95%
Capacités Psyko
95%
Capacités Psyko
95%
Capacités Psyko
95%
Capacités Psyko
95%
Capacités Psyko
95%
Capacités Psyko
95%
Capacités Psyko
95%
Capacités Psyko
95%
Niv 53
90%
Niv 54
90%
Niv 55
90%
Niv 56
90%
Niv 59
90%
Niv 59
90%
Niv 59
90%
Niv 60
90%
Niv 60
90%
Niv 63
90%
Mentali
90%
Type Normal
90%
Capacités Poing de Feu
90%
Girafarig
86%
Capacités Lame-Feuille
86%
M. Mime
86%
M. Mime
86%
Capacités Mur Lumière
86%
Capacités Mur Lumière
86%
Capacités Poing-Éclair
86%
Capacités Poinglace
86%
Capacités Séisme
86%
Capacités Séisme
86%
Niv (Revanche) 69
81%
Niv (Revanche) 71
81%
Niv (Revanche) 72
81%
Niv (Revanche) 75
81%
Capacités Tonnerre
81%
Capacités Tonnerre
81%
Niv (Revanche) 70
76%
Capacités Coupe Psycho
76%
Capacités Protection
76%
Capacités Protection
76%
Objet Baie Sitrus
71%
Objet Baie Sitrus
71%
Capacités Éco-Sphère
71%
Capacités Éco-Sphère
71%
Capacités Gyroballe
71%
Capacités Gyroballe
71%
Capacités Lame de Roc
71%
Capacités Rayon Signal
71%
Capacités Exploforce
67%
Capacités Exploforce
67%
Talent Lévitation
67%
Talent Lévitation
67%
Capacités Mâchouille
67%
Talent Force Pure
62%
Capacités Soin
62%
Capacités Soin
62%
Capacités Vampipoing
62%
Capacités Vampipoing
62%
Talent Attention
57%
Talent Synchro
52%
Talent Synchro
52%
Talent Synchro
52%
Capacités Plénitude
48%
Capacités Plénitude
48%
Capacités Vive-Attaque
48%
Capacités Coup Double
43%
Talent Impassible
43%
Talent Anti-Bruit
38%
Talent Anti-Bruit
38%
Aucun quiz correspondant
Distribution des résultats
% des personnes avec chaque résultat
Percentile par nombre de réponses
Votre historique - résultats
Vous n’avez pas pris ce quiz